000 00276nam a2200121Ia 4500
999 _c14098
_d14098
008 260210s9999 xx 000 0 und d
020 _a9789881974013
082 _a747
100 _aICI
245 0 _aInterior Design For Wellness Space
260 _bDMPL
942 _cBDES
_2ddc